Statistics for Multiple Word Countries

Click here to take the quiz!

General Stats

  • This quiz has been taken 1,869 times
    (1,829 since last reset)
  • The average score is 28 of 38

Answer Stats

Answer% Correct
South Korea
94%
United Kingdom
94%
United States of America
94%
North Korea
92%
Saint Kitts and Nevis
90%
Saint Vincent and the Grenadines
88%
South Africa
87%
Saint Lucia
86%
Dominican Republic
85%
Antigua and Barbuda
84%
South Sudan
84%
United Arab Emirates
84%
Democratic Republic of the Congo
82%
Trinidad and Tobago
82%
New Zealand
81%
Marshall Islands
76%
Papua New Guinea
76%
Republic of the Congo
76%
Solomon Islands
75%
North Macedonia
71%
São Tomé and Príncipe
71%
El Salvador
70%
Saudi Arabia
70%
San Marino
69%
Bosnia and Herzegovina
68%
Cape Verde
68%
Central African Republic
68%
Federated States of Micronesia
67%
Guinea-Bissau
66%
Sri Lanka
65%
East Timor
64%
Equatorial Guinea
63%
Vatican City
61%
Costa Rica
60%
Burkina Faso
56%
Ivory Coast
51%
Czech Republic
48%
Sierra Leone
48%

Score Distribution

Percentile by Number Answered

Percent of People with Each Score

Your Score History

You have not taken this quiz since the last reset